KOHA-Header-6

International Business (Record no. 13607)

000 -LEADER
fixed length control field 00345nam a22001457a 4500
020 ## - INTERNATIONAL STANDARD BOOK NUMBER
ISBN 978-1-292-40327-4
082 ## - DEWEY DECIMAL CLASSIFICATION NUMBER
Classification number 658.18
Item number DAN
100 ## - MAIN ENTRY--AUTHOR NAME
Personal name John D. Daniels
245 ## - TITLE STATEMENT
Title International Business
250 ## - EDITION STATEMENT
Edition statement 17th ed.
260 ## - PUBLICATION, DISTRIBUTION, ETC. (IMPRINT)
Place of publication Harlow
Name of publisher Pearson
Year of publication 2022
300 ## - PHYSICAL DESCRIPTION
Number of Pages 694 pages
650 ## - SUBJECT ADDED ENTRY--TOPICAL TERM
Topical Term Business, International Business
942 ## - ADDED ENTRY ELEMENTS (KOHA)
Koha item type Books
Holdings
Withdrawn status Lost status Permanent Location Current Location Shelving location Date acquired Full call number Accession Number Koha item type
    MAJU MAJU Shelf No.A-1 2022-12-22 658.18 DAN 10650 Books

Powered by Koha